000 01753nam0a2200373 4500
001 RU\NLR\BIBL_A\022603954
005 20260420052241.0
010 _a978-5-4266-0224-3
_9250
021 _aRU
_bКН-П-25-036734
_9КН-П-25-3607
035 _a(NLR Aleph) 022603954
090 _a13682087
_c13682087
100 _a20250819d2024 d y0rusy50 ca
101 0 _arus
_aeng
102 _aRU
105 _aa|||j|||000yy
181 0 _ai3
_baxxe
182 0 _an
200 1 _aПолный курс Present Simple, Present Continous, Future Simple, Present Perfect Simple
_eдля школьников
_fР. Г. Латыпова
203 _aТекст
_bвизуальный
_cнепосредственный
210 _aТюмень
_cПечатник
_d2024
215 _a258 с.
_cил., табл.
_d21
225 1 _aАнглийский язык
225 1 _aEnglish
225 1 _aСерия книг Английский язык для дополнительного образования
_vч. 4
300 _aЗагл. обл.: Английский язык. Полный курс Present Simple / Present Continous / Future Simple / Present Perfect Simple
512 1 _aАнглийский язык. Полный курс Present Simple / Present Continous / Future Simple / Present Perfect Simple
606 1 _aАнглийский язык
_jУчебные издания для средней школы
_9972309
_3RU\NLR\AUTH\6646032
686 3 _aШ143.21-93рус21[5/7]
700 1 _aЛатыпова
_bР. Г.
_gРоза Гиззатовна
942 _cBOOK
980 _aNB